000 00843nas a2200277 4500
001 BR0802428
003 BR-BrBNA
005 20231205112008.0
007 ta
008 230509b bl.|||p| |||| 00| 00por d
040 _aBR-BrBNA
_bpor
_cBiblioteca Nacional de Agricultura
041 _a(Pt)
072 _aQ02
100 1 _aAntunes, A.M.
100 1 _aValmórbida, J.
100 1 _aOno, E.O.
100 1 _aRodrigues, J.D.
245 1 _aUso de reguladores vegetais na conservação refrigerada de acerolas (Malpighia glabra L.)
650 _aACEROLA
650 _aVITAMINA C
650 _aREFRIGERAÇÃO
650 _aTECNOLOGIA DE ALIMENTO
773 0 _tCiência e Agrotecnologia (Brazil)
_xISSN 1413-7054
_g(Nov-Dec 2006), v. 30(6) p. 1241-1245
_wBR0802428
909 _a202311
_bLúcia
_c55
_dLúcia Elande
942 _2AGRIS
_n0
_cANA
999 _c195529
_d195529